ARRUPE JESUIT UNIVERSITY

CORONAVIRUS -STOP THE SPREAD - CLEAN,DISINFECT,COVER

The right to justification : (Record no. 118666)

MARC details
000 -LEADER
fixed length control field 02165cam a2200361 a 4500
001 - CONTROL NUMBER
control field 16829818
003 - CONTROL NUMBER IDENTIFIER
control field ARRUPE
005 - DATE AND TIME OF LATEST TRANSACTION
control field 20131126110132.0
008 - FIXED-LENGTH DATA ELEMENTS--GENERAL INFORMATION
fixed length control field 110616s2012 nyu b 000 0 eng
010 ## - LIBRARY OF CONGRESS CONTROL NUMBER
LC control number 2011024507
020 ## - INTERNATIONAL STANDARD BOOK NUMBER
International Standard Book Number 9780231147088 (cloth : alk. paper)
020 ## - INTERNATIONAL STANDARD BOOK NUMBER
International Standard Book Number 9780231519588 (ebook)
040 ## - CATALOGING SOURCE
Original cataloging agency DLC
Transcribing agency DLC
Modifying agency DLC
041 1# - LANGUAGE CODE
Language code of text/sound track or separate title eng
Language code of original and/or intermediate translations of text ger
042 ## - AUTHENTICATION CODE
Authentication code pcc
050 00 - LIBRARY OF CONGRESS CALL NUMBER
Classification number B105.J87
Item number F6913 2012
082 00 - DEWEY DECIMAL CLASSIFICATION NUMBER
Classification number 172/.2
Edition number 23
300 ## - PHYSICAL DESCRIPTION
Dimensions 24 cm.
100 1# - MAIN ENTRY--PERSONAL NAME
Personal name Forst, Rainer,
Dates associated with a name 1964-
9 (RLIN) 3767
240 10 - UNIFORM TITLE
Uniform title <a href="Recht auf Rechtfertigung.">Recht auf Rechtfertigung.</a>
Language of a work English
245 14 - TITLE STATEMENT
Title The right to justification :
Remainder of title elements of a constructivist theory of justice /
Statement of responsibility, etc Rainer Forst ; translated by Jeffrey Flynn.
260 ## - PUBLICATION, DISTRIBUTION, ETC. (IMPRINT)
Place of publication, distribution, etc New York :
Name of publisher, distributor, etc Columbia University Press,
Date of publication, distribution, etc c2012.
300 ## - PHYSICAL DESCRIPTION
Extent x, 351 p. ;
490 0# - SERIES STATEMENT
Series statement New directions in critical theory
504 ## - BIBLIOGRAPHY, ETC. NOTE
Bibliography, etc Includes bibliographical references.
505 0# - FORMATTED CONTENTS NOTE
Formatted contents note Introduction: the foundation of justice -- Practical reason and justifying reasons: on the foundation of morality -- Moral autonomy and the autonomy of morality: toward a theory of normativity after Kant -- Ethics and morality -- The justification of justice: Rawls's political liberalism and Habermas's discourse theory in dialogue -- Political liberty: integrating five conceptions of autonomy -- A critical theory of multicultural toleration -- The rule of reasons: three models of deliberative democracy -- Social justice, justification, and power -- The basic right to justification: toward a constructivist conception of human rights -- Constructions of transnational justice: comparing John Rawls's the law of peoples and Otfried Höffe's democracy in an age of globalisation -- Justice, morality, and power in the global context -- Toward a critical theory of transnational justice.
650 #0 - SUBJECT ADDED ENTRY--TOPICAL TERM
Topical term or geographic name as entry element Justice (Philosophy)
9 (RLIN) 3768
650 #0 - SUBJECT ADDED ENTRY--TOPICAL TERM
Topical term or geographic name as entry element Constructivism (Philosophy)
9 (RLIN) 3769
650 #0 - SUBJECT ADDED ENTRY--TOPICAL TERM
Topical term or geographic name as entry element Justification (Ethics)
9 (RLIN) 3770
700 1# - ADDED ENTRY--PERSONAL NAME
Personal name Flynn, Jeffrey
Fuller form of name (Jeffrey Regan)
9 (RLIN) 3771
906 ## - LOCAL DATA ELEMENT F, LDF (RLIN)
a 7
b cbc
c orignew
d 1
e ecip
f 20
g y-gencatlg
942 ## - ADDED ENTRY ELEMENTS (KOHA)
Source of classification or shelving scheme Library of Congress Classification
Koha item type Monograph ( Printed materials)
Holdings
Withdrawn status Lost status Source of classification or shelving scheme Damaged status Not for loan Home library Current library Date acquired Total Checkouts Full call number Barcode Date last seen Date checked out Price effective from Koha item type
    Library of Congress Classification     ARRUPE LIBRARY ARRUPE LIBRARY 26/11/2013 2 B105.J87 F913 2012 46408124 13/11/2017 07/11/2017 26/11/2013 Monograph ( Printed materials)

 

Arrupe Library. PO Box MP320 Mt Pleasant, Harare, Zimbabwe
263 242 745411|librarian@aju.ac.zw